[Event "Vanlose Summer op"]
[Site "Vanlose"]
[Date "2002.08.01"]
[Round "4"]
[White "Reuter, Filip"]
[Black "Nilsson, Nils Specht"]
[Result "1-0"]
[WhiteElo "2129"]
[BlackElo "2121"]
[PlyCount "142"]
[EventDate "2002.07.29"]
[EventType "swiss"]
[EventRounds "7"]
[EventCountry "DEN"]
[SourceTitle "EXT 2018"]
[Source "ChessBase"]
[SourceDate "2017.10.13"]
[SourceVersion "1"]
[SourceVersionDate "2017.10.13"]
[SourceQuality "1"]

1. e4 c5 2. Nf3 g6 3. d4 Bg7 4. c3 cxd4 5. cxd4 d5 6. e5 Nc6 7. Qb3 Nh6 8. Bxh6 Bxh6 9. Nc3 0-0 10. Be2 e6 11. h4 f5 12. Rd1 Rb8 13. Kf1 Bd7 14. Ng5 Bxg5 15. hxg5 Qxg5 16. Nxd5 exd5 17. Qxd5+ Rf7 18. e6 Bxe6 19. Qxe6 Kg7 20. Rxh7+ Kxh7 21. Qxf7+ Kh6 22. Rd3 Qc1+ 23. Bd1 Rd8 24. Kg1 Kg5 25. d5 f4 26. g4 f3 27. d6 Nb4 28. Qe7+ Kh6 29. Rd4 Nc6 30. g5+ Kh5 31. Qh7+ Kxg5 32. Rd5+ Kf6 33. Qh4+ Ke6 34. Qe4+ Kf7 35. Qxf3+ Kg7 36. d7 Rf8 37. Qc3+ Qxc3 38. bxc3 Nd8 39. Rb5 Kf7 40. Bg4 Ke7 41. f3 Rf6 42. Ra5 a6 43. Re5+ Kd6 44. Re8 Kc7 45. Rh8 Rc6 46. Rg8 Rxc3 47. Rxg6 Ra3 48. Rg5 Rxa2 49. Rc5+ Kd6 50. Rc8 Ke7 51. Rc3 Rd2 52. Rc8 b5 53. Ra8 Ra2 54. Rb8 Rc2 55. Ra8 Rc6 56. Kf2 Rc2+ 57. Ke3 Ra2 58. Rb8 Rb2 59. Rb6 a5 60. Rh6 Rb3+ 61. Kd4 Rb4+ 62. Kc5 Rf4 63. Kxb5 a4 64. Rh8 Rf8 65. Rxf8 Kxf8 66. Kxa4 Ke7 67. Kb5 Kd6 68. Kb6 Nf7 69. Kb7 Ke7 70. Kc7 Nd8 71. f4 Nf7 1-0